000 00737 a2200217 4500
003 UA-OsUOA
005 20210527145410.0
008 210527b un ||||| |||| 00| 0 ukr d
040 _aUA-OsUOA
_bukr
_cUA-OsUOA
_dUA-OsUOA
041 _arus
080 _a821.161.1
090 _a821.161.1
_bС95
100 _aСычёв И.
245 _aПодорожник
_cИгорь Сычёв
260 _aКиев
_bІнститут біографічних досліджень
_c2016
300 _a44 с.
650 _2UDC
_a821 Художня література
942 _cBK
_2udc
955 _a3
999 _c570662
_d570662